000
00240nam a2200097Ia 4500
001
1024516
005
20250826231255.0
008
250824s9999 xx 000 0 und d
245
0
_a
YARALI
_c
KAHRAMAN TAZEOĞLU
260
_b
DESTEK YAYINLARI
999
_c
1024516
_d
1024516